000 01342naa a22003137a 4500
001 BR7405278
003 BR-BrBNA
005 20240918173607.0
007 ta
008 230509b bl.||||| |||| 00| 0 por d
040 _aBR-BrBNA
_bpor
_cBiblioteca Nacional de Agricultura
041 _a(Pt)
072 _aF28; N00
_b0120
_b4520
_bG514
090 _aF28 BR7405278
100 1 _aBertoni, J.
111 1 _aMesas Redondas de Algodao, do Cafe e da Conservacao do Solo
_cSao Paulo, SP (Brazil)
_d1948
245 1 _aConservacao do solo e mecanizacao da agricultura [Milho; Arado; Brasil]
260 3 _aSao Paulo, SP (Brasil):
_c1950.
500 _aAnais das Mesas Redondas do Algodao, do Cafe e da Conservacao do Solo; organizadas sob os auspicios do Instituto de Economia Rural 1948-1949. Teses apresentadas Sao Paulo, SP (Brasil): 1950. p. 277-291 (BR7405278-AM)F28
650 _aMAQUINA AGRICOLA
650 _aMILHO
650 _aARADO
650 _aROTACAO DE CULTURA
650 _aCONSERVACAO DO SOLO
650 _aSAO PAULO
773 0 _tAnais das Mesas Redondas do Algodao, do Cafe e da Conservacao do Solo; organizadas sob os auspicios do Instituto de Economia Rural 1948-1949. Teses apresentadas
_b
_wF28 BR7405278
_gSao Paulo, SP (Brasil), 1950. p. 277-291
909 _a202404
_bLucia
_c55
_dLucia Elande
942 _cAM
_2AGRIS
999 _c305629
_d305629